000
00275nam a22001097a 4500
008
170124b xxu||||| |||| 00| 0 eng d
020
_a
9780801661440
041
_a
eng
080
_2
3RD
_a
618.2
245
_a
CLINICAL MANUAL OF PEDIATRIC NURSING
_c
WONG & WHALEY
942
_2
udc
_c
BK
999
_c
3426
_d
3426